| 000 | 01470nam a2200349 i 4500 | ||
|---|---|---|---|
| 003 | DO-SdBNP | ||
| 005 | 20250919094618.0 | ||
| 007 | ta | ||
| 008 | 210322b2019 20dr abe|| |||| 00| 0 spa d | ||
| 020 | _a9789945613223 | ||
| 020 | _a9789945613315 | ||
| 040 |
_aDO-SdBNP _bspa _cBNPHU _erda |
||
| 041 | _aspa | ||
| 082 | 4 |
_a972.9304 _bC962a _222 |
|
| 245 | 0 | 0 |
_aCuba en la anexión de Santo Domingo a España : _bdocumentos / _cOlga Portuondo Zúñiga, presentación, selección y transcripción, |
| 264 | 4 |
_aSanto Domingo, República Dominicana : _bArchivo General de la Nación, _c©2019. |
|
| 300 |
_a2 volúmenes : _bilustraciones, mapas, planos ; _c26 cm. |
||
| 336 |
_ardacontent _btexto _2txt |
||
| 337 |
_ardamedia _bsin medición _2n |
||
| 338 |
_ardacarrier _bvolumen _2nc |
||
| 490 | 1 |
_aArchivo General de la Nación _v359 |
|
| 500 | _aIncluye datos biográficos de la compiladora en la solapa de la cubierta | ||
| 504 | _aIncluye referencias bibliográficas y notas al pie de las páginas | ||
| 590 | _aInventariado, 2021/BT | ||
| 651 | 4 |
_aRepublica Dominicana _xHistoria _yAnexión a España, 1861-1863. _vFuentes _978877 |
|
| 651 | 4 |
_aCuba _xRelaciones internacionales _978878 |
|
| 651 | 4 |
_aCuba _xHistoria _ySiglo XIX _978879 |
|
| 700 | 1 |
_aPortuondo Zúñiga, Olga, _d1944- _epresentación, selección y transcripción _913095 |
|
| 830 | 0 |
_aArchivo General de la Nación _n359 _978223 |
|
| 910 | _aValidado. Control de calidad MFF | ||
| 942 |
_2ddc _cLBS1 |
||
| 999 |
_c49653 _d49653 |
||